000 00386nam a2200133Ia 4500
008 100328s9999 xx 000 0 und d
082 _b47718
100 _aखान राजन
245 _aहयात आणि मजार
260 _bसाहेबजी
630 _aहयात आणि मजार
730 _aहयात आणि मजार
942 _cBOOK
999 _c535454
_d535451